Despertar de primavera
Zapisane w:
| 1. autor: | |
|---|---|
| Format: | Książka |
| Język: | hiszpański |
| Wydane: |
Buenos Aires
Quetzal
1954
|
| Hasła przedmiotowe: | |
| Etykiety: |
Dodaj etykietę
Nie ma etykietki, Dołącz pierwszą etykiete!
|
MARC
| LEADER | 00000nam a2200000 a 4500 | ||
|---|---|---|---|
| 001 | UCQ4422 | ||
| 003 | CL-VaPUC | ||
| 008 | 980904e19540000AG |||||||||||||||||spa|d | ||
| 082 | 0 | 4 | |a 832 |b WED |2 21 |
| 100 | 0 | |a Wedekind, Frank |e author |9 418640 | |
| 245 | 1 | 0 | |a Despertar de primavera |
| 300 | |a 81 p | ||
| 942 | |c BK | ||
| 945 | |d 19980904 00:00:00 |a crobeson | ||
| 260 | |a Buenos Aires |b Quetzal |c 1954 | ||
| 650 | 0 | |a Dramas alemanes |9 266681 | |
| 650 | 0 | |a Literatura alemana |9 265457 | |
| 583 | |a last modification |c 19980904 00:00:00 |k Rodrigo Vera | ||
| 999 | |c 274798 |d 274796 | ||
| 952 | |0 0 |1 0 |4 0 |6 832_000000000000000_WED_1954 |7 0 |8 A |9 311109 |a BIBEDU |b BIBEDU |d 2019-11-20 |i 1463993 |o 832 WED 1954 |p 1463993 |r 2019-11-20 |w 2019-11-20 |y BK |k LIT | ||